000 003290000a22001450004500
003 MACL
040 _aMACL
090 _c6323
_d6322
100 _aSharma, S.K. Pandey
245 _aLibraries And Society
260 _bEss Ess Publications
_c1987
350 _a125
650 _aLibrary And Information Science
942 _cBOOK
_k020
999 _c6275
_d6275